000 00569nam a2200157 4500
082 _aBEE-5 OMA
100 _aOmar Misbah Shami | Momin Munir | Rana Ahmad Bilal
245 _aBeiDou GNSS receiver design and implementation on arm cortex A-9 processor (Zynq SoC)
260 _aIslamabad
_bNUST-SEECS
_c2017
300 _a53p.
_eCD Includes
563 _aHBK
856 _uhttp://10.250.8.41:8080/xmlui/handle/123456789/21452
942 _2ddc
_cTHE
999 _c331531
_d331531